000 00393nam a22001217a 4500
005 20250513090815.0
008 250513b |||||||| |||| 00| 0 eng d
082 _22022
_aW892
245 _aThe working man:
_bin a time of change and hope /
260 _aManila :
_bDepartment of Labor and Employment,
_c©2022.
300 _a198 pages :
_billustrations (some colors) ;
_c22 cm.
942 _2ddc
_cDFIL
999 _c23621
_d23621